Ivy League University Towns - Statistics

General Stats
  • This quiz has been taken 54 times
  • The average score is 7 of 8
Answer Stats
University Answer % Correct
Harvard Cambridge
98%
Columbia New York
96%
Pennsylvania Philadelphia
86%
Princeton Princeton
86%
Yale New Haven
84%
Brown Providence
84%
Cornell Ithaca
82%
Dartmouth Hanover
55%
No matching quizzes found
Score Distribution
Percent of People with Each Score
Percentile by Number Answered
Your Score History
You have not taken this quiz